Fr. Conceicao Rodrigues College of Engineering

Practical statistics for Datascientist 50+ essential concepts using R and Python (Record no. 34371)

MARC details
000 -LEADER
fixed length control field 00410nam a2200169Ia 4500
082 ## - DEWEY DECIMAL CLASSIFICATION NUMBER
Item number BRU
100 ## - MAIN ENTRY--PERSONAL NAME
Personal name Bruce/Peter/ Bruce/ Andrew
250 ## - EDITION STATEMENT
Edition statement 2
245 ## - TITLE STATEMENT
Title Practical statistics for Datascientist 50+ essential concepts using R and Python
260 ## - PUBLICATION, DISTRIBUTION, ETC.
Name of publisher, distributor, etc. Oreilly
Date of publication, distribution, etc. 2020
366 ## - TRADE AVAILABILITY INFORMATION
Publishers's discount category 20
300 ## - PHYSICAL DESCRIPTION
Extent 342
546 ## - LANGUAGE NOTE
Language note ENGLISH
650 ## - SUBJECT ADDED ENTRY--TOPICAL TERM
Topical term or geographic name entry element Statistics
654 ## - SUBJECT ADDED ENTRY--FACETED TOPICAL TERMS
Focus term practical statistics
942 ## - ADDED ENTRY ELEMENTS (KOHA)
Koha item type BOOK
Holdings
Withdrawn status Lost status Damaged status Not for loan Collection Home library Current library Date acquired Source of acquisition Cost, normal purchase price Inventory number Total Checkouts Full call number Barcode Date last seen Date last checked out Cost, replacement price Price effective from Koha item type
        CRC Fr. Agnel's C.Rodrigues College of Engineering Fr. Agnel's C.Rodrigues College of Engineering 17/03/2023 Readers World 1180.00 290 dt 27.07.2022 3 BRU 25898 14/10/2024 23/07/2024 1475.00   BOOK
        CRC Fr. Agnel's C.Rodrigues College of Engineering Fr. Agnel's C.Rodrigues College of Engineering 17/03/2023 Readers World 1180.00 290 dt 27.07.2022 2 BRU 25899 15/01/2025 06/08/2024 1475.00   BOOK